Italian Car & Truck Brands - Statistics

General Stats
  • This quiz has been taken 53 times
  • The average score is 8 of 18
Answer Stats
Model Brand % Correct
500 Fiat
93%
488 GTB Ferrari
90%
Huracan Lamborghini
88%
Huayra BC Pagani
83%
4C Alfa Romeo
80%
Stratos Lancia
71%
Alfieri Maserati
56%
Pantera De Tomaso
49%
V16T Cizeta
24%
Zerouno Italdesign
24%
H2 Speed Pininfarina
22%
Mantide Bertone
20%
Grifo Iso
20%
Evantra Millecavalli Mazzanti
17%
5300 GT Bizzarrini
12%
003 SCG
10%
202 Cisitalia
7%
Ottovù Zagato Diatto
2%
No matching quizzes found
Score Distribution
Percent of People with Each Score
Percentile by Number Answered
Your Score History
You have not taken this quiz